Statistiche per Pokémon - Terza Generazione

Clicka qui per fare il quiz!

Statistiche generali

  • Questo quiz è stato fatto 48 volte
  • Il punteggio medio è 84 su 135

Statistiche sulle risposte

Numero Pokédex NazionaleTipoTipoPokémon% Corretto
#0252ErbaTreecko
100%
#0258AcquaMudkip
95%
#0257FuocoLottaBlaziken
92%
#0256FuocoLottaCombusken
89%
#0254ErbaSceptile
89%
#0255FuocoTorchic
89%
#0260AcquaTerraSwampert
86%
#0271AcquaErbaLombre
84%
#0272AcquaErbaLudicolo
84%
#0276NormaleVolanteTaillow
84%
#0268ColeotteroCascoon
81%
#0330TerraDragoFlygon
81%
#0253ErbaGrovyle
81%
#0262BuioMightyena
81%
#0277NormaleVolanteSwellow
81%
#0329TerraDragoVibrava
81%
#0269ColeotteroVelenoDustox
78%
#0259AcquaTerraMarshtomp
78%
#0279AcquaVolantePelipper
78%
#0261BuioPoochyena
78%
#0378GhiaccioRegice
78%
#0377RocciaRegirock
78%
#0379AcciaioRegisteel
78%
#0263NormaleZigzagoon
78%
#0383TerraGroudon
76%
#0382AcquaKyogre
76%
#0264NormaleLinoone
76%
#0384DragoVolanteRayquaza
76%
#0373DragoVolanteSalamence
76%
#0275ErbaBuioShiftry
76%
#0266ColeotteroSilcoon
76%
#0278AcquaVolanteWingull
76%
#0332ErbaBuioCacturne
73%
#0386PsicoDeoxys
73%
#0282PsicoFollettoGardevoir
73%
#0380DragoPsicoLatias
73%
#0381DragoPsicoLatios
73%
#0376AcciaioPsicoMetagross
73%
#0375AcciaioPsicoMetang
73%
#0291ColeotteroVolanteNinjask
73%
#0280PsicoFollettoRalts
73%
#0321AcquaWailord
73%
#0371DragoBagon
70%
#0374AcciaioPsicoBeldum
70%
#0362GhiaccioGlalie
70%
#0385AcciaioPsicoJirachi
70%
#0290ColeotteroTerraNincada
70%
#0322FuocoTerraNumel
70%
#0274ErbaBuioNuzleaf
70%
#0320AcquaWailmer
70%
#0265ColeotteroWurmple
70%
#0306AcciaioRocciaAggron
68%
#0304AcciaioRocciaAron
68%
#0331ErbaCacnea
68%
#0281PsicoFollettoKirlia
68%
#0308LottaPsicoMedicham
68%
#0307LottaPsicoMeditite
68%
#0312ElettroMinun
68%
#0299RocciaNosepass
68%
#0292ColeotteroSpettroShedinja
68%
#0348RocciaColeotteroArmaldo
65%
#0267ColeotteroVolanteBeautifly
65%
#0323FuocoTerraCamerupt
65%
#0311ElettroPlusle
65%
#0273ErbaSeedot
65%
#0361GhiaccioSnorunt
65%
#0328TerraTrapinch
65%
#0334DragoVolanteAltaria
62%
#0354SpettroBanette
62%
#0356SpettroDusclops
62%
#0355SpettroDuskull
62%
#0349AcquaFeebas
62%
#0297LottaHariyama
62%
#0305AcciaioRocciaLairon
62%
#0350AcquaMilotic
62%
#0364GhiaccioAcquaSealeo
62%
#0372DragoShelgon
62%
#0357ErbaVolanteTropius
62%
#0347RocciaColeotteroAnorith
59%
#0366AcquaClamperl
59%
#0369AcquaRocciaRelicanth
59%
#0302BuioSpettroSableye
59%
#0285ErbaShroomish
59%
#0365GhiaccioAcquaWalrein
59%
#0296LottaMakuhita
57%
#0303AcciaioFollettoMawile
57%
#0319AcquaBuioSharpedo
57%
#0300NormaleSkitty
57%
#0333NormaleVolanteSwablu
57%
#0318AcquaBuioCarvanha
54%
#0301NormaleDelcatty
54%
#0337RocciaPsicoLunatone
54%
#0284ColeotteroVolanteMasquerain
54%
#0289NormaleSlaking
54%
#0324FuocoTorkoal
54%
#0359BuioAbsol
51%
#0309ElettroElectrike
51%
#0314ColeotteroIllumise
51%
#0345RocciaErbaLileep
51%
#0294NormaleLoudred
51%
#0336VelenoSeviper
51%
#0363GhiaccioAcquaSpheal
51%
#0283ColeotteroAcquaSurskit
51%
#0288NormaleVigoroth
51%
#0335NormaleZangoose
51%
#0346RocciaErbaCradily
49%
#0295NormaleExploud
49%
#0353SpettroShuppet
49%
#0287NormaleSlakoth
49%
#0338RocciaPsicoSolrock
49%
#0327NormaleSpinda
49%
#0313ColeotteroVolbeat
49%
#0343TerraPsicoBaltoy
46%
#0286ErbaLottaBreelom
46%
#0344TerraPsicoClaydol
46%
#0310ElettroManetric
46%
#0339AcquaTerraBarboach
43%
#0368AcquaGorebyss
43%
#0317VelenoSwalot
43%
#0293NormaleWhismur
43%
#0316VelenoGulpin
41%
#0367AcquaHuntail
41%
#0340AcquaTerraWhiscash
41%
#0358PsicoChimecho
38%
#0341AcquaCorphish
38%
#0370AcquaLuvdisc
38%
#0315ErbaVelenoRoselia
38%
#0325PsicoSpoink
38%
#0351NormaleCastform
35%
#0352NormaleKecleon
35%
#0298NormaleFollettoAzurill
32%
#0342AcquaBuioCrawdaunt
32%
#0326PsicoGrumpig
32%
#0360PsicoWynaut
27%
#0270AcquaErbaLotas
11%

Distribuzione punteggi

Percentile per numero di risposta

Percentuale di utenti per punteggio

I tuoi punteggi nel tempo

Non hai fatto questo quiz